000 00679nam a22002057a 4500
999 _c14374
_d14374
008 160930b xxu||||| |||| 00| 0 eng d
020 _a9780323025553
020 _a0323025552
050 _aR 895
_b.B87 2004
100 _aBushong, Stewart C.
245 _aRadiologic science for technologists :
_bphysics, biology, and protection/
_cStewart C.Bushong.
250 _a8th ed.
260 _aPhiladelphia :
_bElsevier mosby,
_c2004.
300 _axi, 638 p. :
_bill. (chiefly col.);
_c27cm.
504 _aIncludes index.
650 _aMedical radiology.
650 _aMedical physics.
650 _aMedical radiology
_xsafety measures.
942 _2lcc
_cBOOKS
_hR 895 .B87 2004